LEADER 00496nab a2200145 i 4500 001 000000312624 003 CaOOAMICUS 005 20180831173056.0 008 180831n xx uu u0 0und r 013 $a21716 040 $aSeMil$bita 100 1 $aD.R.B.,.$0(OLS)http://semarc/name/88435 245 10$aPerchè si velano le immagini nel tempo della Passione? 773 0 $t[Gennaio-Giugno].$g388-389$w()274212 996 $6245$aPerchè si velano le immagini nel tempo della Passione?$9(OLS)http://semarc/title/387015 LEADER 01441nam a2200253 i 4500 001 000000070349 003 CaOOAMICUS 005 20080814000000.0 008 080814s1967 it u000 u ita u 013 $a41521 040 $aSeMil$bita 100 1 $aSchuon, Frithjof,$d<1907-1998>.$0(OLS)http://semarc/name/35037 245 12$aL'uomo e la certezza /$cFrithjof Schuon ; traduzione di Giovanni Cantoni. 260 $aTorino :$bBorla,$c1967. 300 $a276 p. ;$c22 cm. 490 0 $aDocumenti di cultura moderna ;$v6 500 $aContiene, in trad. italiana: Propos sur la naiveté, Quelques difficultés des textes sacres, Chute et déchéance, L'argument de la substance, Des preuves de Dieu, Religio perennis, Le commandement supreme, L'Homme et la certitude, Regards sur les mondes anciens, Vérités et erreurs sur la beaute, L'imposture du psychologisme, Le délivré et l'image divine, Usurpations du sentiment religieux, Universalité et actualité du monachisme. 650 4$aReligione - Filosofia.$0(OLS)http://semarc/subject/505 700 1 $aCantoni, Giovanni.$0(OLS)http://semarc/name/17263 830 0$aDocumenti di cultura moderna ;$v6.$0(OLS)http://semarc/title/10529 850 $aSeMil 852 $aSeMil$W1$xVenegono$y1$m2P II 267$j36502$B36502$CSeMilBibl$Z2$F36505 $81 996 $6245$aL'uomo e la certezza$9(OLS)http://semarc/title/112899 996 $6260$aTorino :$bBorla$9(OLS)http://semarc/publisher/29913